Statistics for German History

Click here to take the quiz!

General Stats

  • This quiz has been taken 18 times
  • The average score is 10 of 15

Answer Stats

DateAnswer% Correct
962-1806Holy Roman Empire
94%
1949-1990West Germany
94%
1949-1990East Germany
89%
1990-PresentGermany
89%
1945-1949Germany
89%
1871-1918German Empire
78%
1848-1850German Empire
78%
1918-1933Weimar Republic
72%
1525-1947Prussia
67%
1933-1945Third Reich
67%
1866-1871North German Confederation
44%
1806-1813Confederation of the Rhine
33%
843-962East Francia
33%
1850-1866German Confederation
33%
1815-1848German Confederation
33%

Score Distribution

Percentile by Number Answered

Percent of People with Each Score

Your Score History

You have not taken this quiz